| 000 | 00868nam a2200241 i 4500 | ||
|---|---|---|---|
| 001 | 177858 | ||
| 003 | ES-MaACL | ||
| 005 | 20251220171938.0 | ||
| 008 | 110503s1958 mx |||| |dspa d | ||
| 080 | _a929 Planck, Max | ||
| 080 | _a001:1 | ||
| 100 | 1 |
_aPlanck, Max. _992540 |
|
| 245 | 1 | 0 |
_aAutobiografía científica / _cMax Planck. |
| 260 |
_aMéxico : _bUniversidad Nacional de México, _c1958. |
||
| 300 |
_ap. 229-247 ; _c21 cm. |
||
| 490 | 1 |
_aSeminario de Problemas Científicos y Filosóficos. Suplementos ; _v2ª serie ; _v10 |
|
| 600 | 1 | 4 |
_aPlanck, Max. _992540 |
| 650 |
_aCiencia- _xFilosofía. _910950 |
||
| 710 | 2 |
_aUniversidad Nacional Autónoma de México. _97397 |
|
| 830 | 0 |
_aSeminario de Problemas Científicos y Filosóficos. Suplementos _v2ª serie ; _v10 _9190619 |
|
| 852 |
_aES-MaACL _j2297-F-17 _xOlim P-902 |
||
| 999 |
_c177858 _d177858 |
||